Lanean...
The Fiction of Bharati Mukherjee
| Egile nagusia: | |
|---|---|
| Formatua: | Printed Book |
| Hizkuntza: | English |
| Argitaratua: |
New Delhi
Atlantic
2013
|
| LEADER | 00489nam a22001457a 4500 | ||
|---|---|---|---|
| 008 | 140702b xxu||||| |||| 00| 0 eng d | ||
| 020 | |a 9788126900428 | ||
| 082 | |a IE 823.09 NAG/F | ||
| 100 | |a Nagendra Kumar | ||
| 245 | |a The Fiction of Bharati Mukherjee | ||
| 260 | |a New Delhi |b Atlantic |c 2013 | ||
| 300 | |a 158p | ||
| 942 | |c BK | ||
| 999 | |c 259099 |d 259099 | ||
| 952 | |0 0 |1 0 |4 0 |6 IE_823_090000000000000_NAG_F |7 0 |9 288494 |a RUS |b RUS |c ST1 |d 2014-07-02 |i 8326 |l 0 |o IE 823.09 NAG/F |p RUS8326 |r 2014-07-02 |w 2014-07-02 |y BK | ||